[Event "WinterChess masters GM/MI febrero 2013"]
[Site "Palma de Mallorca ESP"]
[Date "2013.02.17"]
[Round "1.2"]
[White "Cantero, Antonio"]
[Black "Rey, Fabrice"]
[Result "1-0"]
[WhiteElo "2255"]
[BlackElo "2194"]
[PlyCount "145"]
[EventDate "2013.02.17"]
[EventType "tourn"]
[EventRounds "9"]
[EventCountry "ESP"]
[Source "lmi"]
[SourceDate "2013.02.17"]

1. e4 c6 2. c4 d5 3. exd5 cxd5 4. cxd5 Nf6 5. Nc3 Nxd5 6. Nf3 Nc6 7. Bb5 e6 8.
O-O Be7 9. d4 O-O 10. a3 Nf6 11. Qd3 Bd7 12. Ba4 Qa5 13. Bc2 Qh5 14. Ne2 Bd6
15. Bf4 Bxf4 16. Nxf4 Qh6 17. Ne2 Rfd8 18. Rad1 Ne7 19. Ne5 Be8 20. f4 g6 21.
Rf3 Qg7 22. Qd2 Bc6 23. Nxc6 Nxc6 24. Ba4 Rd6 25. Rd3 Rad8 26. Bxc6 Rxc6 27.
Qa5 Ra8 28. Rc3 Rxc3 29. Nxc3 b6 30. Qa4 Qf8 31. Qc6 Qd8 32. Qb7 Rb8 33. Qxa7
Qd6 34. g3 Rd8 35. Qa6 h5 36. Qb5 Ng4 37. Qe2 Qc6 38. h3 Nh6 39. Kh2 Nf5 40.
Nb5 h4 41. g4 Ng3 42. Qd3 Qd5 43. Rc1 Kg7 44. Rd1 Rc8 45. Nc3 Qd6 46. Qe3 f6
47. Re1 Kf7 48. Kg1 Qc6 49. d5 exd5 50. Kh2 Kg8 51. f5 g5 52. Qd4 Rd8 53. Re6
Qc7 54. Qxf6 Nh5+ 55. Qe5 Qxe5+ 56. Rxe5 Nf4 57. Ne2 Nd3 58. Re6 Nxb2 59. Rxb6
Nc4 60. Rg6+ Kf8 61. Nd4 Ra8 62. Ne6+ Ke7 63. Nxg5 Rxa3 64. f6+ Kf8 65. Rh6
Ra2+ 66. Kg1 Ra1+ 67. Kf2 Ra2+ 68. Ke1 Ra1+ 69. Ke2 Ra2+ 70. Kd1 Ne3+ 71. Kc1
Kg8 72. f7+ Kg7 73. Rh7+ 1-0

[Event "WinterChess masters GM/MI febrero 2013"]
[Site "Palma de Mallorca ESP"]
[Date "2013.02.17"]
[Round "1.3"]
[White "Ermeni, Avni"]
[Black "Seps, Monika"]
[Result "1/2-1/2"]
[WhiteElo "2265"]
[BlackElo "2241"]
[PlyCount "85"]
[EventDate "2013.02.17"]
[EventType "tourn"]
[EventRounds "9"]
[EventCountry "ESP"]
[Source "lmi"]
[SourceDate "2013.02.17"]

1. e4 c5 2. Nf3 d6 3. Bb5+ Nc6 4. O-O Bd7 5. Re1 Nf6 6. c3 a6 7. Bf1 Bg4 8. h3
Bxf3 9. Qxf3 g6 10. d3 Bg7 11. g3 O-O 12. Bg2 Rc8 13. Nd2 b5 14. Qe2 Nd7 15.
Nf1 b4 16. Bd2 a5 17. Ne3 a4 18. Rac1 Nb6 19. f4 Qd7 20. Kh2 Rb8 21. Qd1 a3 22.
bxa3 bxa3 23. Rb1 Na5 24. Nd5 Qa7 25. Qc2 Nc6 26. Rb3 Nd7 27. Reb1 c4 28. Rxb8
Rxb8 29. d4 Rxb1 30. Qxb1 e6 31. Ne3 Qa6 32. Bf1 Nb6 33. Be2 Bf8 34. h4 d5 35.
exd5 exd5 36. h5 Qa5 37. Bf3 Nxd4 38. Bg2 Nc6 39. hxg6 hxg6 40. f5 Ne5 41. fxg6
fxg6 42. Qe1 Nd3 43. Qe2 1/2-1/2

[Event "WinterChess masters GM/MI febrero 2013"]
[Site "Palma de Mallorca ESP"]
[Date "2013.02.17"]
[Round "1.4"]
[White "Mascaro March, Pedro"]
[Black "Fejzullahu, Afrim"]
[Result "1/2-1/2"]
[WhiteElo "2385"]
[BlackElo "2268"]
[PlyCount "44"]
[EventDate "2013.02.17"]
[EventType "tourn"]
[EventRounds "9"]
[EventCountry "ESP"]
[Source "lmi"]
[SourceDate "2013.02.17"]

1. d4 Nf6 2. c4 e6 3. Nf3 d5 4. Nc3 Be7 5. Bg5 O-O 6. e3 c6 7. Rc1 Nbd7 8. Bd3
Re8 9. O-O b6 10. Qe2 Bb7 11. Rfd1 h6 12. Bh4 Ne4 13. Bxe7 Nxc3 14. Rxc3 Qxe7
15. e4 dxc4 16. Bxc4 c5 17. Bb5 Red8 18. Bxd7 Rxd7 19. dxc5 Rxd1+ 20. Qxd1 Bxe4
21. cxb6 axb6 22. a3 Rd8 1/2-1/2

[Event "WinterChess masters GM/MI febrero 2013"]
[Site "Palma de Mallorca ESP"]
[Date "2013.02.17"]
[Round "1.5"]
[White "Mladenov, Plamen"]
[Black "Nicolas Zapata, Irene"]
[Result "1/2-1/2"]
[WhiteElo "2421"]
[BlackElo "2250"]
[PlyCount "57"]
[EventDate "2013.02.17"]
[EventType "tourn"]
[EventRounds "9"]
[EventCountry "ESP"]
[Source "lmi"]
[SourceDate "2013.02.17"]

1. d4 Nf6 2. c4 e6 3. Nc3 Bb4 4. e3 b6 5. Bd3 Bb7 6. Nf3 Ne4 7. O-O f5 8. Qc2
Bxc3 9. bxc3 O-O 10. Nd2 Nxd2 11. Bxd2 Nc6 12. f3 Na5 13. c5 bxc5 14. Qa4 c4
15. Be2 c5 16. Rab1 a6 17. dxc5 Qc7 18. Rb6 Qxc5 19. Qb4 Rfc8 20. Rxb7 Qd5 21.
e4 fxe4 22. fxe4 Qxd2 23. Qxa5 Qxe2 24. Rxd7 Rf8 25. Rxg7+ Kxg7 26. Qg5+ Kh8
27. Qe5+ Kg8 28. Qg3+ Kh8 29. Qe5+ 1/2-1/2

[Event "WinterChess masters GM/MI febrero 2013"]
[Site "Palma de Mallorca ESP"]
[Date "2013.02.18"]
[Round "2.1"]
[White "Ivanov, Jordan"]
[Black "Nicolas Zapata, Irene"]
[Result "1-0"]
[WhiteElo "2354"]
[BlackElo "2250"]
[PlyCount "70"]
[EventDate "2013.02.17"]
[EventType "tourn"]
[EventRounds "9"]
[EventCountry "ESP"]
[Source "lmi"]
[SourceDate "2013.02.17"]

1. d4 Nf6 2. c4 e6 3. Nf3 d5 4. Nc3 Be7 5. cxd5 exd5 6. Bg5 O-O 7. e3 c6 8. Bd3
Bg4 9. Qb3 Ne4 10. Bxe7 Qxe7 11. Ne5 Be6 12. Qc2 f6 13. Nf3 f5 14. Ne5 Nd7 15.
Nxd7 Bxd7 16. O-O Rf6 17. Rae1 Rh6 18. g3 Qd6 19. Ne2 Ng5 20. f3 Nh3+ 21. Kg2
Qf6 22. Qc3 g5 23. e4 dxe4 24. fxe4 f4 25. Qb3+ Kh8 26. e5 Qe6 27. d5 Qxd5+ 28.
Qxd5 cxd5 29. Nd4 fxg3 30. e6 Be8 31. hxg3 g4 32. Rf8+ Kg7 33. e7 Rf6 34. Nf5+
Kg6 35. Rg8+ Kh5 1-0

[Event "WinterChess masters GM/MI febrero 2013"]
[Site "Palma de Mallorca ESP"]
[Date "2013.02.18"]
[Round "2.2"]
[White "Fejzullahu, Afrim"]
[Black "Mladenov, Plamen"]
[Result "1/2-1/2"]
[WhiteElo "2268"]
[BlackElo "2421"]
[PlyCount "76"]
[EventDate "2013.02.17"]
[EventType "tourn"]
[EventRounds "9"]
[EventCountry "ESP"]
[Source "lmi"]
[SourceDate "2013.02.17"]

1. e4 e5 2. Nf3 Nc6 3. Bb5 a6 4. Ba4 Nf6 5. O-O b5 6. Bb3 Be7 7. Re1 O-O 8. c3
d5 9. exd5 Nxd5 10. Nxe5 Nxe5 11. Rxe5 c6 12. d4 Bd6 13. Re1 Qh4 14. g3 Qh3 15.
Be3 Bg4 16. Qd3 Rae8 17. Nd2 Re6 18. Bxd5 cxd5 19. Qf1 Qh5 20. Qg2 Rfe8 21. a4
bxa4 22. Rxa4 f5 23. h3 Bxh3 24. Qxd5 Kh8 25. Rxa6 Qg6 26. Qh1 f4 27. Qxh3 fxe3
28. Rxe3 Rxe3 29. fxe3 Qd3 30. Qe6 Rf8 31. Qxd6 Qxe3+ 32. Kg2 Qxd2+ 33. Kh3 Qf2
34. Ra1 h6 35. Qd5 Re8 36. Ra8 Qf1+ 37. Kh2 Qf2+ 38. Kh3 Qf1+ 1/2-1/2

[Event "WinterChess masters GM/MI febrero 2013"]
[Site "Palma de Mallorca ESP"]
[Date "2013.02.18"]
[Round "2.3"]
[White "Seps, Monika"]
[Black "Mascaro March, Pedro"]
[Result "0-1"]
[WhiteElo "2241"]
[BlackElo "2385"]
[PlyCount "86"]
[EventDate "2013.02.17"]
[EventType "tourn"]
[EventRounds "9"]
[EventCountry "ESP"]
[Source "lmi"]
[SourceDate "2013.02.17"]

1. e4 e6 2. d4 d5 3. Nd2 dxe4 4. Nxe4 Bd7 5. Nf3 Bc6 6. Bd3 Nd7 7. O-O Ngf6 8.
Ned2 Be7 9. Qe2 O-O 10. c3 b6 11. a4 Bb7 12. a5 c5 13. a6 Bd5 14. Rd1 Rc8 15.
c4 Ba8 16. dxc5 bxc5 17. Nf1 Qb6 18. Bf4 Nb8 19. Ne5 Nxa6 20. Ng3 Nb4 21. Bb1
Rcd8 22. Re1 Nc6 23. Nh5 Nd4 24. Nxf6+ Bxf6 25. Qe3 g6 26. Ng4 Bg7 27. Be5 f6
28. Bxd4 cxd4 29. Qh3 f5 30. Ne5 Bxe5 31. Rxe5 Qxb2 32. Qa3 Qd2 33. Bd3 Be4 34.
Bf1 Qc3 35. f3 Qxa3 36. Rxa3 Bc2 37. Bd3 Bxd3 38. Rxd3 Kg7 39. Kf2 Rd7 40. Rb5
Rc8 41. c5 Kf6 42. f4 Rcc7 43. Ke2 Rd5 0-1

[Event "WinterChess masters GM/MI febrero 2013"]
[Site "Palma de Mallorca ESP"]
[Date "2013.02.18"]
[Round "2.4"]
[White "Rey, Fabrice"]
[Black "Ermeni, Avni"]
[Result "1/2-1/2"]
[WhiteElo "2194"]
[BlackElo "2265"]
[PlyCount "102"]
[EventDate "2013.02.17"]
[EventType "tourn"]
[EventRounds "9"]
[EventCountry "ESP"]
[Source "lmi"]
[SourceDate "2013.02.17"]

1. d4 Nf6 2. c4 c5 3. d5 b5 4. Qc2 g6 5. e4 d6 6. cxb5 a6 7. a4 Bg7 8. Nc3 axb5
9. Bxb5+ Nfd7 10. Nge2 O-O 11. O-O Na6 12. Be3 Ne5 13. h3 Nb4 14. Qd2 Ba6 15.
b3 Qc7 16. Bh6 Rfb8 17. Bxg7 Kxg7 18. f4 Nd7 19. Rad1 Kg8 20. Rf3 Qd8 21. Rdf1
Bxb5 22. Nxb5 Qf8 23. Nec3 Qg7 24. Nd1 Rb7 25. Ne3 Nf6 26. Nc3 Nd7 27. Nc4 Qd4+
28. Qxd4 cxd4 29. Nb5 d3 30. e5 Nc5 31. exd6 exd6 32. Nbxd6 Re7 33. f5 Nxd5 34.
fxg6 fxg6 35. Nd2 Rb8 36. Rc1 Ne6 37. Rxd3 Nef4 38. Rxd5 Nxd5 39. Rc5 Nf4 40.
N6e4 Rb4 41. a5 Rbxe4 42. Nxe4 Rxe4 43. a6 Re1+ 44. Kh2 Ra1 45. Rc6 Ra2 46. b4
Rxg2+ 47. Kh1 Ra2 48. b5 Nxh3 49. Rc7 Ng5 50. Kg1 Ne6 51. Re7 Nd4 1/2-1/2

[Event "WinterChess masters GM/MI febrero 2013"]
[Site "Palma de Mallorca ESP"]
[Date "2013.02.18"]
[Round "2.5"]
[White "Barrenechea Bahamonde, Gustavo"]
[Black "Cantero, Antonio"]
[Result "0-1"]
[WhiteElo "2198"]
[BlackElo "2255"]
[PlyCount "76"]
[EventDate "2013.02.17"]
[EventType "tourn"]
[EventRounds "9"]
[EventCountry "ESP"]
[Source "lmi"]
[SourceDate "2013.02.17"]

1. e4 e5 2. Nf3 Nc6 3. Bb5 a6 4. Ba4 Nf6 5. Nc3 Bb4 6. Nd5 Be7 7. O-O O-O 8. d3
d6 9. Nxe7+ Nxe7 10. h3 Ng6 11. c3 Qe7 12. Bb3 Be6 13. Ng5 Bxb3 14. Qxb3 Nh5
15. g3 Qf6 16. Qd1 h6 17. Qxh5 hxg5 18. Qxg5 Qe6 19. h4 f5 20. h5 Ne7 21. h6 g6
22. Qh4 Kh7 23. Kg2 Rf7 24. Bg5 Ng8 25. f4 Raf8 26. fxe5 dxe5 27. Be3 Nf6 28.
exf5 gxf5 29. Qc4 Nd5 30. Bc5 Rg8 31. Rf3 e4 32. Rff1 Qg6 33. Kf2 Qxg3+ 34. Ke2
e3 35. Qxd5 Qh2+ 36. Kxe3 Re8+ 37. Kf3 Qe2+ 38. Kg3 Rg8+ 0-1

[Event "WinterChess masters GM/MI febrero 2013"]
[Site "Palma de Mallorca ESP"]
[Date "2013.02.19"]
[Round "3.1"]
[White "Cantero, Antonio"]
[Black "Ivanov, Jordan"]
[Result "1/2-1/2"]
[WhiteElo "2255"]
[BlackElo "2354"]
[PlyCount "49"]
[EventDate "2013.02.17"]
[EventType "tourn"]
[EventRounds "9"]
[EventCountry "ESP"]
[Source "lmi"]
[SourceDate "2013.02.17"]

1. e4 c5 2. Nf3 e6 3. d4 cxd4 4. Nxd4 Nc6 5. Nxc6 bxc6 6. Bd3 Nf6 7. Nc3 d5 8.
O-O Be7 9. Qe2 O-O 10. b3 Nd7 11. Bb2 Nc5 12. Rad1 a5 13. Rfe1 Ra7 14. Kh1 a4
15. Nxa4 Nxa4 16. bxa4 Rxa4 17. exd5 cxd5 18. c4 Rxa2 19. cxd5 Bf6 20. Bxf6
Rxe2 21. Bxd8 Rxe1+ 22. Rxe1 Rxd8 23. Bc4 exd5 24. Bxd5 Rf8 25. Bf3 1/2-1/2

[Event "WinterChess masters GM/MI febrero 2013"]
[Site "Palma de Mallorca ESP"]
[Date "2013.02.19"]
[Round "3.2"]
[White "Ermeni, Avni"]
[Black "Barrenechea Bahamonde, Gustavo"]
[Result "1-0"]
[WhiteElo "2265"]
[BlackElo "2198"]
[PlyCount "81"]
[EventDate "2013.02.17"]
[EventType "tourn"]
[EventRounds "9"]
[EventCountry "ESP"]
[Source "lmi"]
[SourceDate "2013.02.17"]

1. e4 g6 2. d4 Bg7 3. c4 c5 4. Nf3 cxd4 5. Nxd4 Nc6 6. Nc2 Nf6 7. Nc3 O-O 8.
Be2 d6 9. O-O Nd7 10. Be3 Nc5 11. f3 Bd7 12. Qd2 a5 13. Rad1 b6 14. Bh6 Rc8 15.
Bxg7 Kxg7 16. Nd5 Be6 17. Nce3 f6 18. Nf4 Bf7 19. Rfe1 Qd7 20. Bf1 Rfd8 21. Qf2
Qa7 22. h4 Kh8 23. Kh1 Rg8 24. g4 g5 25. hxg5 Rxg5 26. Qh2 Ne5 27. Qh3 a4 28.
Re2 Ncd7 29. Nfd5 Ng6 30. Rh2 Ndf8 31. Nf5 Bxd5 32. cxd5 Nf4 33. Qh6 Qd7 34.
Ba6 Ra8 35. Rc1 b5 36. Rc6 b4 37. Bb5 Rc8 38. Rhc2 Rxc6 39. dxc6 Qa7 40. Qxf8+
Rg8 41. Qxe7 1-0

[Event "WinterChess masters GM/MI febrero 2013"]
[Site "Palma de Mallorca ESP"]
[Date "2013.02.19"]
[Round "3.3"]
[White "Mascaro March, Pedro"]
[Black "Rey, Fabrice"]
[Result "1-0"]
[WhiteElo "2385"]
[BlackElo "2194"]
[PlyCount "55"]
[EventDate "2013.02.17"]
[EventType "tourn"]
[EventRounds "9"]
[EventCountry "ESP"]
[Source "lmi"]
[SourceDate "2013.02.17"]

1. d4 d5 2. c4 e6 3. Nf3 Nf6 4. Nc3 Bb4 5. Qb3 c5 6. dxc5 Nc6 7. e3 O-O 8. Be2
Bxc5 9. O-O dxc4 10. Qxc4 Qe7 11. e4 Nd7 12. Bf4 Nb6 13. Qb3 e5 14. Bg5 Qe6 15.
Nd5 f6 16. Bd2 Bd7 17. Rac1 Bd4 18. a4 Qf7 19. a5 Nxd5 20. exd5 b5 21. Bxb5
Rab8 22. Qa4 Rxb5 23. dxc6 Bg4 24. Qxb5 Bxf3 25. gxf3 Qh5 26. Qd5+ Kh8 27. c7
Qh3 28. Qd8 1-0

[Event "WinterChess masters GM/MI febrero 2013"]
[Site "Palma de Mallorca ESP"]
[Date "2013.02.19"]
[Round "3.4"]
[White "Mladenov, Plamen"]
[Black "Seps, Monika"]
[Result "0-1"]
[WhiteElo "2421"]
[BlackElo "2241"]
[PlyCount "64"]
[EventDate "2013.02.17"]
[EventType "tourn"]
[EventRounds "9"]
[EventCountry "ESP"]
[Source "lmi"]
[SourceDate "2013.02.17"]

1. d4 Nf6 2. Nc3 d5 3. Bg5 c6 4. f3 Bf5 5. e4 dxe4 6. Bc4 e3 7. Nge2 Nbd7 8. g4
Bg6 9. Nf4 Qa5 10. h4 e5 11. Nxg6 hxg6 12. a3 Rd8 13. Ba2 Be7 14. Qd3 exd4 15.
Qxd4 Ne5 16. Qf4 Rd4 17. Qg3 Ne4 18. fxe4 Bxg5 19. Rd1 Qc7 20. Ke2 Rxd1 21.
Nxd1 Qe7 22. Nxe3 Bxh4 23. Qf4 Rh6 24. Rh3 Bg5 25. Qf1 Bxe3 26. Kxe3 Nxg4+ 27.
Kd2 Rxh3 28. Qxh3 Qxe4 29. c3 Qf4+ 30. Kc2 Qe4+ 31. Kd2 Qf4+ 32. Ke2 Qh2+ 0-1

[Event "WinterChess masters GM/MI febrero 2013"]
[Site "Palma de Mallorca ESP"]
[Date "2013.02.19"]
[Round "3.5"]
[White "Nicolas Zapata, Irene"]
[Black "Fejzullahu, Afrim"]
[Result "1/2-1/2"]
[WhiteElo "2250"]
[BlackElo "2268"]
[PlyCount "96"]
[EventDate "2013.02.17"]
[EventType "tourn"]
[EventRounds "9"]
[EventCountry "ESP"]
[Source "lmi"]
[SourceDate "2013.02.17"]

1. e4 e5 2. Nf3 Nc6 3. Bb5 a6 4. Ba4 Nf6 5. O-O b5 6. Bb3 Be7 7. d3 d6 8. a4 b4
9. Nbd2 O-O 10. c3 Rb8 11. Nc4 Bg4 12. Rb1 d5 13. Ne3 Bxf3 14. Qxf3 bxc3 15.
bxc3 dxe4 16. dxe4 Qd3 17. Rb2 Qxc3 18. Rc2 Qxb3 19. Rxc6 Bd6 20. Nf5 Qxa4 21.
Nxg7 Qxe4 22. Qxf6 Qg6 23. Nh5 Qxh5 24. Bh6 Qg6 25. Qxg6+ hxg6 26. Bxf8 Kxf8
27. Rxa6 Ke7 28. g3 Rb7 29. Rc1 Kd7 30. Kg2 e4 31. Rac6 Be5 32. R6c5 Ke6 33.
Rc6+ Kd7 34. h4 Bd6 35. g4 f5 36. R6c2 Rb8 37. gxf5 gxf5 38. Rh1 Ke6 39. Rc3 f4
40. h5 Kf5 41. f3 Rb2+ 42. Kh3 exf3 43. Rxf3 Kg5 44. h6 Kxh6 45. Rg1 Rb5 46.
Rg8 Kh7 47. Rg4 Rh5+ 48. Kg2 Rh6 1/2-1/2

[Event "WinterChess masters GM/MI febrero 2013"]
[Site "Palma de Mallorca ESP"]
[Date "2013.02.19"]
[Round "4.1"]
[White "Ivanov, Jordan"]
[Black "Fejzullahu, Afrim"]
[Result "1/2-1/2"]
[WhiteElo "2354"]
[BlackElo "2268"]
[PlyCount "29"]
[EventDate "2013.02.17"]
[EventType "tourn"]
[EventRounds "9"]
[EventCountry "ESP"]
[Source "lmi"]
[SourceDate "2013.02.17"]

1. Nf3 Nf6 2. c4 c5 3. Nc3 d6 4. g3 Nc6 5. Bg2 g6 6. O-O Bg7 7. d4 cxd4 8. Nxd4
Bd7 9. e3 O-O 10. b3 Rc8 11. Bb2 a6 12. Nd5 Nxd5 13. cxd5 Nxd4 14. Bxd4 Bxd4
15. Qxd4 1/2-1/2

[Event "WinterChess masters GM/MI febrero 2013"]
[Site "Palma de Mallorca ESP"]
[Date "2013.02.19"]
[Round "4.2"]
[White "Seps, Monika"]
[Black "Nicolas Zapata, Irene"]
[Result "0-1"]
[WhiteElo "2241"]
[BlackElo "2250"]
[PlyCount "46"]
[EventDate "2013.02.17"]
[EventType "tourn"]
[EventRounds "9"]
[EventCountry "ESP"]
[Source "lmi"]
[SourceDate "2013.02.17"]

1. d4 Nf6 2. Nf3 g6 3. g3 Bg7 4. Bg2 O-O 5. O-O d5 6. c4 Nc6 7. cxd5 Nxd5 8.
Nc3 Nb6 9. Bf4 Be6 10. Qc1 Re8 11. Rd1 Nd5 12. Bh6 Bh8 13. e4 Nxc3 14. bxc3 Bg4
15. e5 Qd7 16. Re1 f6 17. Nd2 fxe5 18. d5 Nd8 19. Ne4 Nf7 20. Nc5 Qc8 21. Ne6
Nd6 22. Qc2 Rb8 23. Qb3 b6 0-1

[Event "WinterChess masters GM/MI febrero 2013"]
[Site "Palma de Mallorca ESP"]
[Date "2013.02.19"]
[Round "4.3"]
[White "Rey, Fabrice"]
[Black "Mladenov, Plamen"]
[Result "0-1"]
[WhiteElo "2194"]
[BlackElo "2421"]
[PlyCount "120"]
[EventDate "2013.02.17"]
[EventType "tourn"]
[EventRounds "9"]
[EventCountry "ESP"]
[Source "lmi"]
[SourceDate "2013.02.17"]

1. d4 e6 2. Nf3 c5 3. c4 cxd4 4. Nxd4 a6 5. Nc3 Qc7 6. e4 Nf6 7. Bd3 d6 8. O-O
Be7 9. Be3 Nbd7 10. f4 b6 11. Nb3 Bb7 12. Qe2 Rc8 13. Rad1 h5 14. h3 h4 15.
Rfe1 Nh5 16. Qf2 Bf6 17. Nd4 Nc5 18. Bb1 Kf8 19. f5 Kg8 20. fxe6 fxe6 21. b4
Bxd4 22. Bxd4 Nd7 23. Qxh4 Ne5 24. Bxe5 dxe5 25. Qg5 Rh6 26. Ne2 Nf6 27. Ng3 a5
28. bxa5 bxa5 29. Rc1 Qc5+ 30. Qe3 Kf7 31. Kf2 Rhh8 32. Bd3 Rhd8 33. Qxc5 Rxc5
34. Ke3 Ba6 35. Rc3 Rdc8 36. Rec1 Nd7 37. Nf1 R5c7 38. Nd2 a4 39. Rb1 Nc5 40.
Rb6 Rd8 41. Nf3 Kf6 42. Bc2 g5 43. Nh2 Ke7 44. Ng4 Rd6 45. Rxd6 Kxd6 46. Nh2
Rg7 47. Bd3 Bb7 48. Rc2 Rf7 49. g3 Rh7 50. Nf3 Rxh3 51. Rg2 g4 52. Nh2 a3 53.
Nxg4 Rh1 54. Rc2 Rg1 55. Kf2 Ra1 56. Be2 Rb1 57. Bf3 Rb2 58. Ne3 Nxe4+ 59. Bxe4
Bxe4 60. Re2 Bd3 0-1

[Event "WinterChess masters GM/MI febrero 2013"]
[Site "Palma de Mallorca ESP"]
[Date "2013.02.19"]
[Round "4.4"]
[White "Barrenechea Bahamonde, Gustavo"]
[Black "Mascaro March, Pedro"]
[Result "0-1"]
[WhiteElo "2198"]
[BlackElo "2385"]
[PlyCount "52"]
[EventDate "2013.02.17"]
[EventType "tourn"]
[EventRounds "9"]
[EventCountry "ESP"]
[Source "lmi"]
[SourceDate "2013.02.17"]

1. e4 e5 2. Nf3 Nc6 3. c3 Nf6 4. d4 d6 5. Bd3 g6 6. h3 Bg7 7. O-O O-O 8. Bg5 h6
9. Be3 d5 10. Nxe5 Nxe5 11. dxe5 Nxe4 12. Nd2 Bf5 13. Nb3 Re8 14. g4 Bd7 15. f4
Qh4 16. Qf3 h5 17. Be2 Ng3 18. gxh5 Nxe2+ 19. Qxe2 Qg3+ 20. Kh1 Qxh3+ 21. Kg1
Qg3+ 22. Kh1 Bxe5 23. hxg6 Kg7 24. Rf2 Rh8+ 25. Rh2 Rxh2+ 26. Qxh2 Rh8 0-1

[Event "WinterChess masters GM/MI febrero 2013"]
[Site "Palma de Mallorca ESP"]
[Date "2013.02.19"]
[Round "4.5"]
[White "Cantero, Antonio"]
[Black "Ermeni, Avni"]
[Result "1/2-1/2"]
[WhiteElo "2255"]
[BlackElo "2265"]
[PlyCount "27"]
[EventDate "2013.02.17"]
[EventType "tourn"]
[EventRounds "9"]
[EventCountry "ESP"]
[Source "lmi"]
[SourceDate "2013.02.17"]

1. e4 Nf6 2. e5 Nd5 3. d4 d6 4. c4 Nb6 5. exd6 cxd6 6. Nc3 g6 7. Be3 Bg7 8. Rc1
O-O 9. b3 Bf5 10. Nf3 d5 11. c5 Nc8 12. Be2 Bg4 13. O-O Nc6 14. Re1 1/2-1/2

[Event "WinterChess masters GM/MI febrero 2013"]
[Site "Palma de Mallorca ESP"]
[Date "2013.02.20"]
[Round "5.1"]
[White "Ermeni, Avni"]
[Black "Ivanov, Jordan"]
[Result "1/2-1/2"]
[WhiteElo "2265"]
[BlackElo "2354"]
[PlyCount "23"]
[EventDate "2013.02.17"]
[EventType "tourn"]
[EventRounds "9"]
[EventCountry "ESP"]
[Source "lmi"]
[SourceDate "2013.02.17"]

1. e4 e5 2. Nf3 Nc6 3. Bb5 a6 4. Ba4 Nf6 5. O-O b5 6. Bb3 Be7 7. Re1 d6 8. c3
O-O 9. h3 Re8 10. Ng5 Rf8 11. Nf3 Re8 12. Ng5 1/2-1/2

[Event "WinterChess masters GM/MI febrero 2013"]
[Site "Palma de Mallorca ESP"]
[Date "2013.02.20"]
[Round "5.2"]
[White "Mascaro March, Pedro"]
[Black "Cantero, Antonio"]
[Result "1-0"]
[WhiteElo "2385"]
[BlackElo "2255"]
[PlyCount "70"]
[EventDate "2013.02.17"]
[EventType "tourn"]
[EventRounds "9"]
[EventCountry "ESP"]
[Source "lmi"]
[SourceDate "2013.02.17"]

1. d4 d5 2. c4 e6 3. Nc3 Nf6 4. Nf3 Be7 5. Bg5 O-O 6. e3 h6 7. Bxf6 Bxf6 8. Rc1
a6 9. Bd3 c6 10. O-O Nd7 11. e4 dxc4 12. Bxc4 e5 13. d5 c5 14. a4 Qb6 15. Qd3
Qd6 16. Bb3 Be7 17. Nd2 Qg6 18. Nc4 Bd6 19. a5 Rb8 20. Na4 Bc7 21. d6 Bd8 22.
Nab6 Bxb6 23. axb6 Kh8 24. f4 exf4 25. Rxf4 Re8 26. Rcf1 f6 27. Qc3 Rxe4 28.
Bc2 Rxc4 29. Qxc4 Qe8 30. Qe4 Qg8 31. Qe7 Nf8 32. Rxf6 gxf6 33. Qxf6+ Qg7 34.
Qxf8+ Qxf8 35. Rxf8+ Kg7 1-0

[Event "WinterChess masters GM/MI febrero 2013"]
[Site "Palma de Mallorca ESP"]
[Date "2013.02.20"]
[Round "5.3"]
[White "Mladenov, Plamen"]
[Black "Barrenechea Bahamonde, Gustavo"]
[Result "1-0"]
[WhiteElo "2421"]
[BlackElo "2198"]
[PlyCount "55"]
[EventDate "2013.02.17"]
[EventType "tourn"]
[EventRounds "9"]
[EventCountry "ESP"]
[Source "lmi"]
[SourceDate "2013.02.17"]

1. d4 c5 2. e4 cxd4 3. Nf3 Nc6 4. Nxd4 g6 5. Nc3 Bg7 6. Nde2 Nf6 7. g3 b5 8.
Bg2 b4 9. Nd5 O-O 10. Bf4 Qa5 11. O-O Nh5 12. Bc7 Qa4 13. e5 e6 14. Ne7+ Nxe7
15. Bxa8 Nc6 16. c4 Qa6 17. Bd6 Re8 18. g4 Nxe5 19. Bxe5 Bxe5 20. gxh5 d5 21.
cxd5 exd5 22. Bxd5 Bg4 23. Qb3 Bxe2 24. Bxf7+ Kh8 25. Bxe8 Qc8 26. Qd5 Qxe8 27.
Rfe1 Bxb2 28. Rad1 1-0

[Event "WinterChess masters GM/MI febrero 2013"]
[Site "Palma de Mallorca ESP"]
[Date "2013.02.20"]
[Round "5.4"]
[White "Nicolas Zapata, Irene"]
[Black "Rey, Fabrice"]
[Result "1-0"]
[WhiteElo "2250"]
[BlackElo "2194"]
[PlyCount "57"]
[EventDate "2013.02.17"]
[EventType "tourn"]
[EventRounds "9"]
[EventCountry "ESP"]
[Source "lmi"]
[SourceDate "2013.02.17"]

1. d4 d5 2. Nf3 Nf6 3. c4 e6 4. e3 c5 5. cxd5 exd5 6. Bb5+ Nbd7 7. O-O a6 8.
Be2 c4 9. a4 Rb8 10. a5 b5 11. axb6 Qxb6 12. Nc3 Bd6 13. e4 dxe4 14. Nd2 Qc7
15. g3 Bb7 16. Nxc4 Rd8 17. Qb3 Bc8 18. Nxd6+ Qxd6 19. Bf4 Qxd4 20. Rfd1 Nc5
21. Qc2 Nd3 22. Nxe4 Qxe4 23. Bxd3 Qa8 24. Bb5+ Bd7 25. Bxd7+ Rxd7 26. Rxd7
Nxd7 27. Qc7 O-O 28. Qxd7 Rd8 29. Rxa6 1-0

[Event "WinterChess masters GM/MI febrero 2013"]
[Site "Palma de Mallorca ESP"]
[Date "2013.02.20"]
[Round "5.5"]
[White "Fejzullahu, Afrim"]
[Black "Seps, Monika"]
[Result "1/2-1/2"]
[WhiteElo "2268"]
[BlackElo "2241"]
[PlyCount "60"]
[EventDate "2013.02.17"]
[EventType "tourn"]
[EventRounds "9"]
[EventCountry "ESP"]
[Source "lmi"]
[SourceDate "2013.02.17"]

1. e4 c5 2. Nf3 d6 3. c3 Nf6 4. Bd3 Nc6 5. Bc2 Bg4 6. h3 Bxf3 7. Qxf3 g6 8. O-O
Bg7 9. d3 O-O 10. Nd2 e6 11. Re1 Qc7 12. Nf1 b5 13. Nh2 Kh8 14. Bd2 Rae8 15.
Ng4 Ng8 16. Ne3 f5 17. exf5 gxf5 18. a4 a6 19. axb5 axb5 20. Nf1 Ne5 21. Qg3
Nf6 22. f4 Ng6 23. Nh2 Nd5 24. Nf3 Bh6 25. Ng5 Bxg5 26. fxg5 f4 27. Qf2 Ne5 28.
Re4 Rf5 29. h4 Ng4 30. Qe2 Ne5 1/2-1/2

[Event "WinterChess masters GM/MI febrero 2013"]
[Site "Palma de Mallorca ESP"]
[Date "2013.02.21"]
[Round "6.1"]
[White "Ivanov, Jordan"]
[Black "Seps, Monika"]
[Result "1-0"]
[WhiteElo "2354"]
[BlackElo "2241"]
[PlyCount "71"]
[EventDate "2013.02.17"]
[EventType "tourn"]
[EventRounds "9"]
[EventCountry "ESP"]
[Source "lmi"]
[SourceDate "2013.02.17"]

1. d4 Nf6 2. c4 g6 3. Nc3 Bg7 4. e4 d6 5. Nf3 O-O 6. Be2 Bg4 7. Be3 Nfd7 8. Rc1
e5 9. d5 a5 10. O-O Na6 11. Ne1 Bxe2 12. Qxe2 Nac5 13. Nd3 b6 14. Nxc5 bxc5 15.
Nb5 f5 16. f3 Nf6 17. Bd2 Nh5 18. g3 Qd7 19. Rc3 Nf6 20. Ra3 a4 21. Bg5 Ne8 22.
Bc1 Nf6 23. Kg2 h5 24. exf5 gxf5 25. Qd1 h4 26. Rxa4 Rxa4 27. Qxa4 f4 28. Qc2
h3+ 29. Kh1 fxg3 30. hxg3 e4 31. Nc3 exf3 32. Rxf3 Re8 33. Bd2 Re5 34. Qg6 Qe7
35. Rf5 Re2 36. Rxf6 1-0